Pays les plus proches de la Croatie - Statistiques

Statistiques générales
  • Ce quiz a été pris 548 fois
  • Le résultat moyen est 18 sur 20
Statistiques - réponses
km pays % Correct
12 Italie
98%
0 Slovénie
98%
0 Serbie
97%
0 Bosnie- Herzégovine
96%
0 Hongrie
96%
23 Autriche
94%
270 Grèce
94%
0 Monténégro
94%
128 Kosovo
93%
168 Slovaquie
92%
70 Albanie
91%
177 Macédoine
91%
107 Roumanie
91%
261 Suisse
91%
315 Bulgarie
87%
233 Allemagne
82%
141 Saint-Marin
82%
314 Vatican
80%
345 Liechtenstein
77%
234 Tchèquie
75%
Aucun quiz correspondant
Distribution des résultats
% des personnes avec chaque résultat
Percentile par nombre de réponses
Votre historique - résultats
Vous n’avez pas pris ce quiz